000 02099nam0a2200373 4500
001 RU\NLR\bibl\743320
005 20260405130650.0
021 _aRU
_b2004-71670
_93533
035 _aRSL-KNO-002501892
035 _a(NLR Aleph) 000733178
090 _a775601
_c775601
100 _a20041118d2004 |||y0rusy50 ca
101 0 _arus
102 _aRU
105 _aa |||||||||
106 _ar
200 1 _aРазработка и реализация параллельного алгоритма для модели общей циркуляции атмосферы
_fС.А. Забелок, В.П. Пархоменко, А.В. Шипилин
_gРос. акад. наук, ВЦ
210 _aМ.
_cВЦ РАН
_d2004
_gРотапринт Вычислит. центра им. А.А. Дородницына РАН
215 _a22, [1] с.
_cил.
_d21
225 1 _aСообщения по прикладной математике
320 _aБиблиогр.: с. 21-22 (12 назв.)
606 1 _aАтмосферная циркуляция
_xМоделирование
_xМетод алгоритмов
_92372635
_3RU\NLR\auth\661416116
610 0 _aНауки о Земле (геодезические, геофизические, геологические и географические науки) -- Геофизические науки -- Метеорология -- Общая циркуляция и синоптические процессы в атмосфере -- Методы исследования -- Математические методы
686 _aД245с18,0
_2rubbk
686 _aД245.1в641.8
700 1 _aЗабелок
_bС. А.
_gСергей Александрович
_4070
701 1 _4070
_7ca
_8rus
_aПархоменко
_bВ. П.
_gВалерий Павлович
_934691
_3RU\NLR\auth\7751758
701 1 _aШипилин
_bА. В.
_gАнатолий Вениаминович
_4070
801 0 _aRU
_bRuMoRKP
_c20041118
_grcr
801 1 _aRU
_bRuMoRGB
_c20041118
801 2 _aRU
_bNLR
_c20050401
_gPSBO
942 _cBOOK
980 _aNB